000 00452nam a2200145 a 4500
001 000043285
005 20201002040805.0
008 140304s1975 ve 000 0 spa d
040 _aDO-SdBNP
_bspa
_cBNPHU
110 2 _aVenezuela
_919804
240 1 0 _aConstitución.
245 1 0 _aConstitución de la República de Venezuela :
_bcon la enmienda no. 1 /.
260 _aCaracas, Venezuela :
_bCongreso de la República,
_c1975.
300 _a87 p. ;
_c22 cm.
999 _c42774
_d42774